Homestar Runner characters - name them all - Statistics

General Stats
  • This quiz has been taken 42 times
  • The average score is 12 of 12
Answer Stats
Hint Answer % Correct
Rap enthusiast Coach Z
100%
He's a terrific athlete Homestar Runner
100%
Leave a message Marzipan
100%
Types with boxing gloves on Strong Bad
100%
Sturdy. And loud. Strong Mad
100%
Wallower Strong Sad
100%
It's a dirty job. The Poopsmith
100%
Local proprietor Bubz
97%
Bouncy guy Pom Pom
97%
Yellow The Cheat
97%
Has a castle. And butter. The King of Town
97%
Raised by a cup of coffee Homsar
94%
No matching quizzes found
Score Distribution
Percent of People with Each Score
Percentile by Number Answered
Your Score History
You have not taken this quiz